000 00777nas a2200253 4500
001 BR0803765
003 BR-BrBNA
005 20231205112320.0
007 ta
008 230509b bl.|||p| |||| 00| 00por d
040 _aBR-BrBNA
_bpor
_cBiblioteca Nacional de Agricultura
041 _a(Pt)
072 _aH20
100 1 _aCunha Junior, J. de O.
100 1 _aPozzer, L.
100 1 _aBrioso, P.S.T.
245 1 _aVariabilidade biológica de isolados do Citrus leprosis virus (CiLV)oriundos de cultivares de laranjeira
650 _aLARANJA
650 _aVIRUS
650 _aLEPROSE
773 0 _tSumma Phytopathologica (Brazil)
_xISSN 0100-5405
_g(Jul-Sep 2007), v. 33(3) p. 294-296
_wBR0803765
909 _a202311
_bLúcia
_c55
_dLúcia Elande
942 _2AGRIS
_n0
_cANA
999 _c197376
_d197376